Principled localism: a new framework for local governance (Record no. 117317)

MARC details
000 -LEADER
fixed length control field 01077cam a2200241 4500
001 - CONTROL NUMBER
control field ABS67724
008 - FIXED-LENGTH DATA ELEMENTS--GENERAL INFORMATION
fixed length control field 040507n2004 000 0 eng u
035 ## - SYSTEM CONTROL NUMBER
System control number (Sirsi) u126133
100 ## - MAIN ENTRY--PERSONAL NAME
Personal name Blair, F.
245 ## - TITLE STATEMENT
Title Principled localism: a new framework for local governance
260 ## - PUBLICATION, DISTRIBUTION, ETC.
-- 2004
490 ## - SERIES STATEMENT
Series statement Town and Country Planning
Volume/sequential designation 73(4) April 2004, 126-127(2)
520 ## - SUMMARY, ETC.
Summary, etc. Draws on recently published research "Seeing the bigger picture: delivering local sustainable development" funded by the Joseph Rowntree Foundation and undertaken by the Sustainable Cities Research Institute of Northumbria in collaboration with the UK Sustainable Development Commission. The research proposes a framework to guide and support local government in the task of protecting and enhancing quality of life and delivering sustainable development.
590 ## - LOCAL NOTE (RLIN)
Local note ABS
590 ## - LOCAL NOTE (RLIN)
Local note ABS
650 ## - SUBJECT ADDED ENTRY--TOPICAL TERM
Topical term or geographic name entry element SUSTAINABLE DEVELOPMENT
650 ## - SUBJECT ADDED ENTRY--TOPICAL TERM
Topical term or geographic name entry element PLANNING POLICY
650 ## - SUBJECT ADDED ENTRY--TOPICAL TERM
Topical term or geographic name entry element LOCAL GOVERNMENT
650 ## - SUBJECT ADDED ENTRY--TOPICAL TERM
Topical term or geographic name entry element QUALITY OF LIFE
690 ## - LOCAL SUBJECT ADDED ENTRY--TOPICAL TERM (OCLC, RLIN)
Topical term or geographic name as entry element DEVELOPMENT
700 ## - ADDED ENTRY--PERSONAL NAME
Personal name Evans, B.
942 ## - ADDED ENTRY ELEMENTS (KOHA)
Suppress in OPAC 0
Holdings
Withdrawn status Lost status Source of classification or shelving scheme Damaged status Not for loan Home library Current library Shelving location Date acquired Total Checkouts Full call number Barcode Date last seen Copy number Price effective from Koha item type
    Dewey Decimal Classification     London London Journal article 07/05/2004   ABS67724 126133-1001 06/08/2019 1 06/08/2019 Journal article